000 00706nam a22002177a 4500
003 UA-OsUOA
001 99604
007 ta
008 20130513b un ||||| |||| 00| 0 ukr d
100 _aМіщенко В.
090 _a330(477)
_bМ71
942 _cSA
040 _aUA-OsUOA
_bukr
_cUA-OsUOA
_dUA-OsUOA
245 _aНаукові дослідження в системі Національного банку: основні здобутки за 10 років
300 _aС.3-9
955 _a0
041 _aukr
080 _a330(477)
773 0 _w99602
_tВісник Національного банку України
_dК.
_d2013
_g4
650 7 _a330 Економіка взагалі
_2UDC
999 _c385852
_d385852